Statistics for Countries by CO2 Emissions

Click here to take the quiz!

General Stats

  • This quiz has been taken 98 times
  • The average score is 19 of 20

Answer Stats

CO2 Emissions (kt)Country% Correct
9,893,038China
100%
2,407,672India
99%
379,025United Kingdom
99%
5,006,302United States
99%
462,299Brazil
98%
303,276France
98%
727,973Germany
98%
544,894Canada
97%
1,732,027Russia
97%
1,135,886Japan
95%
375,908Australia
94%
563,325Indonesia
94%
320,411Italy
92%
486,406Mexico
92%
620,302South Korea
92%
563,449Saudi Arabia
89%
661,710Iran
86%
372,725Turkey
85%
299,037Poland
83%
476,644South Africa
69%

Score Distribution

Percentile by Number Answered

Percent of People with Each Score

Your Score History

You have not taken this quiz